<?xml version="1.0" encoding="UTF-8"?>
<record
    xmlns:xsi="http://www.w3.org/2001/XMLSchema-instance"
    xsi:schemaLocation="http://www.loc.gov/MARC21/slim http://www.loc.gov/standards/marcxml/schema/MARC21slim.xsd"
    xmlns="http://www.loc.gov/MARC21/slim">

  <leader>00393nam a22001577a 4500</leader>
  <controlfield tag="003">OSt</controlfield>
  <controlfield tag="005">20211005140312.0</controlfield>
  <controlfield tag="008">211005b        |||||||| |||| 00| 0 eng d</controlfield>
  <datafield tag="020" ind1=" " ind2=" ">
    <subfield code="a">0071163069</subfield>
  </datafield>
  <datafield tag="040" ind1=" " ind2=" ">
    <subfield code="c">HU</subfield>
  </datafield>
  <datafield tag="082" ind1=" " ind2=" ">
    <subfield code="a">330.015195</subfield>
  </datafield>
  <datafield tag="100" ind1=" " ind2=" ">
    <subfield code="a">Gujarati, Damodar N.; Porter, Dawn C.</subfield>
    <subfield code="9">10243</subfield>
  </datafield>
  <datafield tag="245" ind1=" " ind2=" ">
    <subfield code="a"> Essentials of econometrics</subfield>
  </datafield>
  <datafield tag="300" ind1=" " ind2=" ">
    <subfield code="a">XXV 534</subfield>
    <subfield code="b">PC</subfield>
    <subfield code="c">24CM</subfield>
  </datafield>
  <datafield tag="942" ind1=" " ind2=" ">
    <subfield code="2">ddc</subfield>
    <subfield code="c">BOOKS</subfield>
    <subfield code="n">0</subfield>
  </datafield>
  <datafield tag="999" ind1=" " ind2=" ">
    <subfield code="c">9524</subfield>
    <subfield code="d">9524</subfield>
  </datafield>
  <datafield tag="952" ind1=" " ind2=" ">
    <subfield code="0">0</subfield>
    <subfield code="1">0</subfield>
    <subfield code="2">ddc</subfield>
    <subfield code="4">0</subfield>
    <subfield code="7">0</subfield>
    <subfield code="8">REF</subfield>
    <subfield code="a">004</subfield>
    <subfield code="b">004</subfield>
    <subfield code="c">GEN</subfield>
    <subfield code="d">2021-10-05</subfield>
    <subfield code="l">0</subfield>
    <subfield code="o">330.015195 GUJ 1999</subfield>
    <subfield code="p">WGCFNRL00001066</subfield>
    <subfield code="r">2021-10-05 00:00:00</subfield>
    <subfield code="t">1</subfield>
    <subfield code="w">2021-10-05</subfield>
    <subfield code="y">BOOKS</subfield>
  </datafield>
  <datafield tag="952" ind1=" " ind2=" ">
    <subfield code="0">0</subfield>
    <subfield code="1">0</subfield>
    <subfield code="2">ddc</subfield>
    <subfield code="4">0</subfield>
    <subfield code="7">0</subfield>
    <subfield code="8">REF</subfield>
    <subfield code="a">004</subfield>
    <subfield code="b">004</subfield>
    <subfield code="c">GEN</subfield>
    <subfield code="d">2021-10-05</subfield>
    <subfield code="l">0</subfield>
    <subfield code="o">330.015195 GUJ 1999</subfield>
    <subfield code="p">WGCFNRL00001067</subfield>
    <subfield code="r">2021-10-05 00:00:00</subfield>
    <subfield code="t">2</subfield>
    <subfield code="w">2021-10-05</subfield>
    <subfield code="y">BOOKS</subfield>
  </datafield>
  <datafield tag="952" ind1=" " ind2=" ">
    <subfield code="0">0</subfield>
    <subfield code="1">0</subfield>
    <subfield code="2">ddc</subfield>
    <subfield code="4">0</subfield>
    <subfield code="7">0</subfield>
    <subfield code="8">REF</subfield>
    <subfield code="a">004</subfield>
    <subfield code="b">004</subfield>
    <subfield code="c">GEN</subfield>
    <subfield code="d">2021-10-05</subfield>
    <subfield code="l">0</subfield>
    <subfield code="o">330.015195 GUJ 1999</subfield>
    <subfield code="p">WGCFNRL00001068</subfield>
    <subfield code="r">2021-10-05 00:00:00</subfield>
    <subfield code="t">3</subfield>
    <subfield code="w">2021-10-05</subfield>
    <subfield code="y">BOOKS</subfield>
  </datafield>
  <datafield tag="952" ind1=" " ind2=" ">
    <subfield code="0">0</subfield>
    <subfield code="1">0</subfield>
    <subfield code="2">ddc</subfield>
    <subfield code="4">0</subfield>
    <subfield code="7">0</subfield>
    <subfield code="8">REF</subfield>
    <subfield code="a">004</subfield>
    <subfield code="b">004</subfield>
    <subfield code="c">GEN</subfield>
    <subfield code="d">2021-10-05</subfield>
    <subfield code="l">0</subfield>
    <subfield code="o">330.015195 GUJ 1999</subfield>
    <subfield code="p">WGCFNRL00001069</subfield>
    <subfield code="r">2021-10-05 00:00:00</subfield>
    <subfield code="t">4</subfield>
    <subfield code="w">2021-10-05</subfield>
    <subfield code="y">BOOKS</subfield>
  </datafield>
  <datafield tag="952" ind1=" " ind2=" ">
    <subfield code="0">0</subfield>
    <subfield code="1">0</subfield>
    <subfield code="2">ddc</subfield>
    <subfield code="4">0</subfield>
    <subfield code="7">0</subfield>
    <subfield code="8">REF</subfield>
    <subfield code="a">004</subfield>
    <subfield code="b">004</subfield>
    <subfield code="c">GEN</subfield>
    <subfield code="d">2021-10-05</subfield>
    <subfield code="l">0</subfield>
    <subfield code="o">330.015195 GUJ 1999</subfield>
    <subfield code="p">WGCFNRL00001070</subfield>
    <subfield code="r">2021-10-05 00:00:00</subfield>
    <subfield code="t">5</subfield>
    <subfield code="w">2021-10-05</subfield>
    <subfield code="y">BOOKS</subfield>
  </datafield>
  <datafield tag="952" ind1=" " ind2=" ">
    <subfield code="0">0</subfield>
    <subfield code="1">0</subfield>
    <subfield code="2">ddc</subfield>
    <subfield code="4">0</subfield>
    <subfield code="7">0</subfield>
    <subfield code="8">REF</subfield>
    <subfield code="a">004</subfield>
    <subfield code="b">004</subfield>
    <subfield code="c">GEN</subfield>
    <subfield code="d">2021-10-05</subfield>
    <subfield code="l">0</subfield>
    <subfield code="o">330.015195 GUJ 1999</subfield>
    <subfield code="p">WGCFNRL00001071</subfield>
    <subfield code="r">2021-10-05 00:00:00</subfield>
    <subfield code="t">6</subfield>
    <subfield code="w">2021-10-05</subfield>
    <subfield code="y">BOOKS</subfield>
  </datafield>
</record>
